| 000 | 00373nam a22001697a 4500 | ||
|---|---|---|---|
| 999 |
_c10667 _d10667 |
||
| 003 | OSt | ||
| 008 | 210614b ||||| |||| 00| 0 eng d | ||
| 020 | _a9789390177479 | ||
| 082 | _a621.815 | ||
| 100 | _aBHANDARI,VB | ||
| 245 | _aDesign of Machine Elements | ||
| 250 | _a5th | ||
| 260 |
_aNew Delhi _bTMH _c2021 |
||
| 300 | _a1005 | ||
| 650 |
_aDE _93 |
||
| 942 |
_2ddc _cBK |
||